Catalog

Record Details

Catalog Search



Sociální politika v Čechách a na Slovensku po roce 1989  Cover Image Book Book

Sociální politika v Čechách a na Slovensku po roce 1989 / uspořadatelé sborníku Martin Potůček, Iveta Radičová

Record details

  • ISBN: 80-7184-622-8
  • Physical Description: 329 s. ; 20 cm
  • Edition: Vyd. 1.
  • Publisher: Praha : Karolinum, 1998

Content descriptions

General Note:
Anglické resumé
Bibliography, etc. Note:
Obsahuje bibliografii
Subject: sociální politika > Česko > 1989-
sociální politika > Slovensko > 1989-
Slovakia > Social policy > 1989-
Czechia > Social policy > 1989-
Genre: srovnávací studie
sborníky
Comparative studies

Available copies

  • 3 of 3 copies available at Common Catalog SPOK.

Holds

  • 0 current holds with 3 total copies.
Show Only Available Copies
Location Call Number / Copy Notes Barcode Shelving Location Status Due Date
Jabok Library SPo-4.1 424480001724 Odborná literatura Available -
Jabok Library SPo-4.1 424480002131 Odborná literatura Available -
Jabok Library SPo-4.1 424480002183 Odborná literatura Available -

LDR 01650nam a2200469 a 4500
00111920
003CZ-PrJAB
00520220606094420.0
007tu
008990415s1998 xr e 000 0 cze
015 . ‡acnb000654877
020 . ‡a80-7184-622-8 ‡q(brož.)
035 . ‡a(CZ PrNK)cpk19990654877
035 . ‡a(OCoLC)41831823
040 . ‡aABA001 ‡bcze
0410 . ‡acze ‡aslo ‡beng
043 . ‡ae-xr--- ‡ae-xo---
045 . ‡ax8x9
072 7. ‡a36 ‡xZajištění duševních a materiálních potřeb ‡2Konspekt ‡918
080 . ‡a36 ‡2MRF
080 . ‡a304.4 ‡2MRF
080 . ‡a(048.8) ‡2MRF
080 . ‡a(082) ‡2MRF
24500. ‡aSociální politika v Čechách a na Slovensku po roce 1989 / ‡cuspořadatelé sborníku Martin Potůček, Iveta Radičová
250 . ‡aVyd. 1.
260 . ‡aPraha : ‡bKarolinum, ‡c1998
300 . ‡a329 s. ; ‡c20 cm
500 . ‡aAnglické resumé
504 . ‡aObsahuje bibliografii
648 7. ‡aod 1989 ‡7ch462156 ‡2czenas
65007. ‡asociální politika ‡7ph116210 ‡zČesko ‡y1989- ‡2czenas
65007. ‡asociální politika ‡7ph116210 ‡zSlovensko ‡y1989- ‡2czenas
65009. ‡aSlovakia ‡xSocial policy ‡y1989- ‡2eczenas
65009. ‡aCzechia ‡xSocial policy ‡y1989- ‡2eczenas
655 7. ‡asrovnávací studie ‡7fd133583 ‡2czenas
655 7. ‡asborníky ‡7fd163935 ‡2czenas
655 9. ‡aComparative studies ‡2eczenas
7001 . ‡aRadičová, Iveta, ‡d1956- ‡7ola2005262692 ‡4com
7001 . ‡aPotůček, Martin, ‡d1948- ‡7jo20000080777 ‡4com
910 . ‡aABG312
901 . ‡a11920 ‡bUnknown ‡c11920 ‡tbiblio

Additional Resources